[Event "TUR-chT Clubs"]
[Site "Konya"]
[Date "2019.07.20"]
[Round "8.18"]
[White "Tasdelen, Asuman Betul"]
[Black "Zeybek, Merve"]
[Result "1/2-1/2"]
[WhiteElo "1050"]
[BlackElo "1121"]
[PlyCount "71"]
[EventDate "2019.07.16"]
[EventType "team-swiss"]
[EventRounds "9"]
[EventCountry "TUR"]
[SourceTitle "CBM 191 Extra"]
[Source "ChessBase"]
[SourceDate "2019.09.30"]
[SourceVersion "1"]
[SourceVersionDate "2019.09.30"]
[SourceQuality "1"]
[WhiteTeam "Tusas Dernegi"]
[BlackTeam "Cotanak"]
[WhiteTeamCountry "TUR"]
[BlackTeamCountry "TUR"]

1. Nf3 c5 2. g3 d6 3. Bg2 Nf6 4. 0-0 g6 5. d3 Bg7 6. e4 0-0 7. Nbd2 Nc6 8. Rb1 a6 9. b3 Nb4 10. a3 Nc6 11. Bb2 b5 12. e5 Ne8 13. exd6 Qxd6 14. Bxg7 Nxg7 15. Ne4 Qc7 16. Nxc5 Bg4 17. Ne4 Nd4 18. c4 Rfd8 19. Ned2 Qd6 20. Qe1 Nxf3+ 21. Nxf3 Bxf3 22. Bxf3 Ra7 23. Qe3 Rdd7 24. Bg4 f5 25. Be2 Qxa3 26. cxb5 Qb4 27. bxa6 Rxa6 28. d4 Rad6 29. Bc4+ e6 30. Rfd1 Qb6 31. Re1 Kf7 32. Qh6 Kg8 33. Qe3 Kf7 34. Qh6 Kg8 35. Qe3 Kf7 36. Qh6 1/2-1/2